000 01199cam a2200289 4500
999 _c20381
_d20381
001 2286434
005 20170119090836.0
008 710301s1971 mduac bc 000 0 eng
010 _a 79145411
020 _a0912298014(pbk)
040 _aDLC
_cDLC
_dDLC
050 0 0 _aNC248.M4C32 1971
110 2 _aBaltimore Museum of Art.
245 1 0 _aMatisse as a draughtsman.
_cIntrod. and commentary by Victor I. Carlson.
260 _a[Baltimore];
_bDistributed for the museum by New York Graphic Society, Greenwich, Conn.
_c[1971]
300 _a191 p.
_billus., ports.
_c26 cm.
500 _aCatalogue of an exhibition: Baltimore Museum of Art, 12 Jan.-21 Feb., 1971. California Palace of the Legion of Honor, San Francisco, 20 Mar.-9 May 1971. Art Institute of Chicago, 26 May-10 July, 1971.
504 _aBibliography: p. 188-191.
600 1 0 _aMatisse, Henri,
_d1869-1954.
700 1 _aCarlson, Victor I.
710 2 _aCalifornia Palace of the Legion of Honor.
710 2 _aArt Institute of Chicago.
942 _2lcc
_cBOOKS
_hNC248.M4C32 1971